00618nam a2200169 4500001000700000003000900007005001700016007000300033008004100036100003200077245008600109260005900195300002100254852003200275999001900307952012200326127045ES-MaACL20230906192931.0t|070214s1969 sp r ||||1| spa d1 aRibot, Luis Antonio.99683513aLa vocación y las vocaciones en el Vaticano II / cP. Luis Antonio Ribot, S. J. aValladolid : b[s. n.], c1969 (fGráf. A. Martín) a64 p. : b16 cm. aES-MaACLjC-36890 bR.71151 c127045d127045 00104070aATENEOMbATENEOMcDEPO2d2008-01-17eSCl0oC-36890p1132323r2023-02-23 00:00:00w2023-02-23yMONOGRAFIA